000 00501nam a2200181Ia 4500
008 090124s9999 xx 000 0 und d
082 _b115899
100 _aगांगल वसंत
245 _a मंत्रमुग्धा
250 _a1
260 _c1973
300 _a100
600 _aगांगल वसंत
630 _a मंत्रमुग्धा
700 _aगांगल वसंत
730 _a मंत्रमुग्धा
942 _cBOOK
999 _c161990
_d161990